| 000 | 00679nam a22002057a 4500 | ||
|---|---|---|---|
| 008 | 081020t xxu||||| |||| 00| 0 eng d | ||
| 010 | _aENG-84048 | ||
| 020 | _a8131300927 | ||
| 020 | _c595.00 (hb) | ||
| 035 | _aEN-67581 | ||
| 082 | _a370.194 / NAN | ||
| 100 | _aNanda, Jayashree | ||
| 245 |
_aEducation for all / _cby Jayashree Nanda |
||
| 260 |
_aNew Delhi _bA P H Publishing |
||
| 260 | _c2007 | ||
| 300 |
_axiii, 244p _c22cm |
||
| 500 | _aIncludes index | ||
| 942 |
_2ddc _cEN _h370.194 _mNAN |
||
| 999 |
_c17015 _d17015 |
||